[Event "Torneo Aficionados Sub-2000 Utiel"]
[Site "Utiel, Spain"]
[Date "2018.08.27"]
[Round "2.3"]
[White "Carbonell Sancho, Marc"]
[Black "Garcia Oviedo, Alejandro"]
[Result "1-0"]
[WhiteElo "1981"]
[BlackElo "1837"]
[PlyCount "119"]

1. e4 {[%clk 00:07:05]} 1... c5 {[%clk 00:07:02] [%emt 00:00:16]} 2. Nf3 {
[%clk 00:07:06]} 2... Nc6 {[%clk 00:07:04]} 3. d4 {[%clk 00:07:08]} 3... cxd4 {
[%clk 00:07:05] [%emt 00:00:05]} 4. Nxd4 {[%clk 00:07:09]} 4... g6 {
[%clk 00:07:06]} 5. c4 {[%clk 00:07:11]} 5... Bg7 {
[%clk 00:07:08] [%emt 00:00:05]} 6. Be3 {[%clk 00:07:12]} 6... Nf6 {
[%clk 00:07:08]} 7. Nc3 {[%clk 00:07:14]} 7... d6 {
[%clk 00:07:09] [%emt 00:00:05]} 8. Be2 {[%clk 00:07:16]} 8... O-O {
[%clk 00:07:08] [%emt 00:00:08]} 9. O-O {[%clk 00:07:16]} 9... Rb8 {
[%clk 00:07:02] [%emt 00:00:05]} 10. Qd2 {[%clk 00:07:14] [%emt 00:00:06]}
10... a6 {[%clk 00:07:03] [%emt 00:00:04]} 11. f3 {
[%clk 00:07:11] [%emt 00:00:05]} 11... Bd7 {[%clk 00:06:57] [%emt 00:00:07]}
12. Rfd1 {[%clk 00:06:22] [%emt 00:00:51]} 12... Nxd4 {[%clk 00:06:58]} 13.
Bxd4 {[%clk 00:06:23] [%emt 00:00:07]} 13... b5 {[%clk 00:07:00]} 14. c5 {
[%clk 00:06:15] [%emt 00:00:13]} 14... b4 {[%clk 00:05:59] [%emt 00:01:02]} 15.
Nd5 {[%clk 00:05:37] [%emt 00:00:40]} 15... Nxd5 {
[%clk 00:05:58] [%emt 00:00:05]} 16. Bxg7 {[%clk 00:05:34] [%emt 00:00:07]}
16... Kxg7 {[%clk 00:05:54] [%emt 00:00:07]} 17. Qxd5 {[%clk 00:05:35]} 17...
Be6 {[%clk 00:05:26] [%emt 00:00:30]} 18. Qd4+ {[%clk 00:05:22] [%emt 00:00:16]
} 18... Kg8 {[%clk 00:05:20] [%emt 00:00:09]} 19. cxd6 {
[%clk 00:05:20] [%emt 00:00:05]} 19... Qxd6 {[%clk 00:05:20] [%emt 00:00:06]}
20. Qxd6 {[%clk 00:04:58] [%emt 00:00:22]} 20... exd6 {[%clk 00:05:22]} 21.
Rxd6 {[%clk 00:04:59] [%emt 00:00:06]} 21... Rfd8 {
[%clk 00:05:20] [%emt 00:00:04]} 22. Rad1 {[%clk 00:03:23] [%emt 00:01:37]}
22... Rxd6 {[%clk 00:04:38] [%emt 00:00:50]} 23. Rxd6 {[%clk 00:03:24]} 23...
Bxa2 {[%clk 00:04:39]} 24. Rxa6 {[%clk 00:03:14] [%emt 00:00:12]} 24... Be6 {
[%clk 00:04:36] [%emt 00:00:11]} 25. Kf2 {[%clk 00:03:15]} 25... Rc8 {
[%clk 00:04:24] [%emt 00:00:18]} 26. Rb6 {[%clk 00:03:16]} 26... b3 {
[%clk 00:04:25]} 27. Bd1 {[%clk 00:02:28] [%emt 00:00:50]} 27... Rd8 {
[%clk 00:03:40] [%emt 00:00:51]} 28. Ke1 {[%clk 00:02:28]} 28... Rd3 {
[%clk 00:03:40] [%emt 00:00:05]} 29. Be2 {[%clk 00:02:29]} 29... Rd4 {
[%clk 00:03:14] [%emt 00:00:28]} 30. Ba6 {[%clk 00:01:44] [%emt 00:00:48]}
30... Rd8 {[%clk 00:02:37] [%emt 00:00:40]} 31. Ke2 {
[%clk 00:01:38] [%emt 00:00:11]} 31... Ra8 {[%clk 00:02:31] [%emt 00:00:06]}
32. Kd3 {[%clk 00:01:27] [%emt 00:00:14]} 32... Rd8+ {
[%clk 00:02:03] [%emt 00:00:35]} 33. Kc3 {[%clk 00:01:25] [%emt 00:00:04]}
33... Rd1 {[%clk 00:02:04] [%emt 00:00:05]} 34. Bd3 {
[%clk 00:00:58] [%emt 00:00:31]} 34... Kf8 {[%clk 00:01:50] [%emt 00:00:11]}
35. f4 {[%clk 00:00:59] [%emt 00:00:06]} 35... Rg1 {
[%clk 00:01:45] [%emt 00:00:05]} 36. g3 {[%clk 00:00:55] [%emt 00:00:06]} 36...
Rg2 {[%clk 00:01:41] [%emt 00:00:06]} 37. f5 {[%clk 00:00:53] [%emt 00:00:06]}
37... gxf5 {[%clk 00:01:39] [%emt 00:00:05]} 38. exf5 {[%clk 00:00:55]} 38...
Bd5 {[%clk 00:01:39] [%emt 00:00:06]} 39. Rb5 {[%clk 00:00:53] [%emt 00:00:05]}
39... Bf3 {[%clk 00:01:20] [%emt 00:00:21]} 40. Rxb3 {[%clk 00:00:54]} 40...
Rxh2 {[%clk 00:01:20] [%emt 00:00:05]} 41. Kd4 {[%clk 00:00:50] [%emt 00:00:09]
} 41... h5 {[%clk 00:01:13] [%emt 00:00:06]} 42. f6 {
[%clk 00:00:52] [%emt 00:00:05]} 42... Ke8 {[%clk 00:01:07] [%emt 00:00:07]}
43. Bb5+ {[%clk 00:00:53]} 43... Kd8 {[%clk 00:01:09] [%emt 00:00:06]} 44. Rxf3
{[%clk 00:00:55]} 44... Rxb2 {[%clk 00:01:10] [%emt 00:00:04]} 45. Bc4 {
[%clk 00:00:55]} 45... Ke8 {[%clk 00:01:05] [%emt 00:00:06]} 46. Re3+ {
[%clk 00:00:54] [%emt 00:00:04]} 46... Kf8 {[%clk 00:01:06] [%emt 00:00:06]}
47. Rb3 {[%clk 00:00:56]} 47... Rd2+ {[%clk 00:01:05] [%emt 00:00:08]} 48. Bd3
{[%clk 00:00:58]} 48... Ke8 {[%clk 00:01:04]} 49. Ke5 {
[%clk 00:00:51] [%emt 00:00:08]} 49... Rd1 {[%clk 00:00:57] [%emt 00:00:13]}
50. Bf5 {[%clk 00:00:46] [%emt 00:00:05]} 50... Re1+ {
[%clk 00:00:45] [%emt 00:00:16]} 51. Be4 {[%clk 00:00:48]} 51... Kd7 {
[%clk 00:00:42] [%emt 00:00:10]} 52. Rb7+ {[%clk 00:00:49]} 52... Ke8 {
[%clk 00:00:42]} 53. Kf4 {[%clk 00:00:47] [%emt 00:00:10]} 53... Rc1 {
[%clk 00:00:39] [%emt 00:00:04]} 54. Re7+ {[%clk 00:00:43] [%emt 00:00:05]}
54... Kf8 {[%clk 00:00:35] [%emt 00:00:10]} 55. Bd5 {[%clk 00:00:45]} 55...
Rf1+ {[%clk 00:00:36]} 56. Kg5 {[%clk 00:00:47] [%emt 00:00:06]} 56... Kg8 {
[%clk 00:00:28] [%emt 00:00:06]} 57. Bxf7+ {[%clk 00:00:47] [%emt 00:00:05]}
57... Kh8 {[%clk 00:00:29]} 58. Bxh5 {[%clk 00:00:48] [%emt 00:00:05]} 58...
Ra1 {[%clk 00:00:23] [%emt 00:00:05]} 59. Re8+ {[%clk 00:00:43] [%emt 00:00:09]
} 59... Kh7 {[%clk 00:00:24]} 60. Bg6# {[%clk 00:00:45] [%emt 00:00:06]} 1-0

} 59... Kh7 {[%clk 00:00:24]} 60. Bg6# {
[%clk 00:00:45]  [%emt 00:00:06]} 1-0

[Event "Torneo Aficionados Sub-2000 Utiel"]
[Site "Utiel, Spain"]
[Date "2018.08.27"]
[Round "2.4"]
[White "Fernandez Garcia, Olmo"]
[Black "Gimenez Sanchis, Fco. Andres"]
[Result "0-1"]
[WhiteElo "1834"]
[BlackElo "1971"]
[PlyCount "150"]

1. e4 {[%clk 00:07:03] [%emt 00:00:03]} 1... e6 {
[%clk 00:07:05] [%emt 00:00:14]} 2. d4 {[%clk 00:07:04]} 2... d5 {
[%clk 00:07:07] [%emt 00:00:04]} 3. Nd2 {[%clk 00:07:03]} 3... dxe4 {
[%clk 00:07:08]} 4. Nxe4 {[%clk 00:07:04]} 4... Nd7 {[%clk 00:07:09]} 5. Nf3 {
[%clk 00:07:02] [%emt 00:00:04]} 5... Ngf6 {[%clk 00:07:11]} 6. Ng3 {
[%clk 00:06:56] [%emt 00:00:05]} 6... c5 {[%clk 00:07:07] [%emt 00:00:15]} 7.
b3 {[%clk 00:06:38] [%emt 00:00:13]} 7... cxd4 {[%clk 00:06:29] [%emt 00:00:40]
} 8. Nxd4 {[%clk 00:06:32] [%emt 00:00:36]} 8... Bb4+ {[%clk 00:06:27]} 9. Bd2
{[%clk 00:06:26]} 9... Qa5 {[%clk 00:05:48] [%emt 00:00:28]} 10. Bxb4 {
[%clk 00:05:14] [%emt 00:01:22]} 10... Qxb4+ {[%clk 00:05:48]} 11. Qd2 {
[%clk 00:05:15] [%emt 00:00:07]} 11... Qxd2+ {[%clk 00:05:04] [%emt 00:00:39]}
12. Kxd2 {[%clk 00:05:16] [%emt 00:00:05]} 12... O-O {
[%clk 00:04:49] [%emt 00:00:16]} 13. Rd1 {[%clk 00:04:41] [%emt 00:00:41]}
13... Nc5 {[%clk 00:04:41] [%emt 00:00:08]} 14. Be2 {
[%clk 00:04:10] [%emt 00:00:36]} 14... Nce4+ {[%clk 00:04:12] [%emt 00:00:30]}
15. Nxe4 {[%clk 00:04:10] [%emt 00:00:26]} 15... Nxe4+ {[%clk 00:04:12]} 16.
Ke3 {[%clk 00:04:01]} 16... Nc3 {[%clk 00:03:56] [%emt 00:00:11]} 17. Rd3 {
[%clk 00:03:33] [%emt 00:00:31]} 17... Nd5+ {[%clk 00:03:39] [%emt 00:00:33]}
18. Kf3 {[%clk 00:02:56] [%emt 00:00:46]} 18... e5 {
[%clk 00:03:12] [%emt 00:00:17]} 19. Nb5 {[%clk 00:02:43] [%emt 00:00:09]}
19... Nf6 {[%clk 00:03:10] [%emt 00:00:08]} 20. Ke3 {
[%clk 00:02:27] [%emt 00:00:16]} 20... Bf5 {[%clk 00:03:05] [%emt 00:00:11]}
21. Rd2 {[%clk 00:02:23] [%emt 00:00:07]} 21... a6 {
[%clk 00:02:53] [%emt 00:00:14]} 22. Nd6 {[%clk 00:02:15] [%emt 00:00:09]}
22... Be6 {[%clk 00:02:25] [%emt 00:00:34]} 23. Nxb7 {
[%clk 00:01:58] [%emt 00:00:17]} 23... Nd5+ {[%clk 00:01:31] [%emt 00:00:59]}
24. Kf3 {[%clk 00:01:27] [%emt 00:00:33]} 24... f5 {
[%clk 00:01:00] [%emt 00:00:32]} 25. Bc4 {[%clk 00:01:01] [%emt 00:00:30]}
25... e4+ {[%clk 00:01:01] [%emt 00:00:09]} 26. Ke2 {[%clk 00:01:02]} 26...
Nc3+ {[%clk 00:00:54] [%emt 00:00:15]} 27. Ke3 {[%clk 00:00:49] [%emt 00:00:09]
} 27... Bxc4 {[%clk 00:00:54] [%emt 00:00:04]} 28. bxc4 {[%clk 00:00:50]} 28...
Nxa2 {[%clk 00:00:26] [%emt 00:00:28]} 29. Rb1 {[%clk 00:00:44] [%emt 00:00:13]
} 29... Nc3 {[%clk 00:00:27] [%emt 00:00:10]} 30. Rb6 {[%clk 00:00:38]} 30...
Na4 {[%clk 00:00:21] [%emt 00:00:09]} 31. Rbd6 {[%clk 00:00:16] [%emt 00:00:22]
} 31... Rab8 {[%clk 00:00:15] [%emt 00:00:12]} 32. Rd7 {
[%clk 00:00:15] [%emt 00:00:12]} 32... Nb6 {[%clk 00:00:07] [%emt 00:00:04]}
33. Rc7 {[%clk 00:00:14] [%emt 00:00:03]} 33... Rxb7 {
[%clk 00:00:06] [%emt 00:00:08]} 34. Rxb7 {[%clk 00:00:15] [%emt 00:00:04]}
34... Nxc4+ {[%clk 00:00:08]} 35. Ke2 {[%clk 00:00:17]} 35... Nxd2 {
[%clk 00:00:09]} 36. Kxd2 {[%clk 00:00:19]} 36... Ra8 {
[%clk 00:00:11] [%emt 00:00:03]} 37. Kc3 {[%clk 00:00:21]} 37... a5 {
[%clk 00:00:13]} 38. Kb3 {[%clk 00:00:22]} 38... a4+ {
[%clk 00:00:15] [%emt 00:00:03]} 39. Ka3 {[%clk 00:00:23]} 39... Rc8 {
[%clk 00:00:15] [%emt 00:00:06]} 40. Rb2 {[%clk 00:00:23] [%emt 00:00:07]}
40... Rc4 {[%clk 00:00:15]} 41. Ra2 {[%clk 00:00:23] [%emt 00:00:08]} 41... Kf7
{[%clk 00:00:15]} 42. Kb2 {[%clk 00:00:25] [%emt 00:00:03]} 42... Ke6 {
[%clk 00:00:16]} 43. c3 {[%clk 00:00:26]} 43... Ke5 {[%clk 00:00:17]} 44. Kc2 {
[%clk 00:00:27]} 44... g5 {[%clk 00:00:19]} 45. Rb2 {
[%clk 00:00:27] [%emt 00:00:03]} 45... Kd5 {[%clk 00:00:13] [%emt 00:00:13]}
46. Rb5+ {[%clk 00:00:29] [%emt 00:00:03]} 46... Rc5 {[%clk 00:00:15]} 47. Rb4
{[%clk 00:00:31]} 47... Ra5 {[%clk 00:00:16]} 48. Kb2 {
[%clk 00:00:29] [%emt 00:00:04]} 48... a3+ {[%clk 00:00:18] [%emt 00:00:04]}
49. Ka2 {[%clk 00:00:28] [%emt 00:00:03]} 49... f4 {
[%clk 00:00:18] [%emt 00:00:15]} 50. Rb8 {[%clk 00:00:17]} 50... Kc4 {
[%clk 00:00:16] [%emt 00:00:07]} 51. Rc8+ {[%clk 00:00:16] [%emt 00:00:03]}
51... Kd3 {[%clk 00:00:18]} 52. c4 {[%clk 00:00:16] [%emt 00:00:13]} 52... e3 {
[%clk 00:00:20]} 53. fxe3 {[%clk 00:00:14] [%emt 00:00:04]} 53... fxe3 {
[%clk 00:00:22]} 54. c5 {[%clk 00:00:16]} 54... e2 {[%clk 00:00:24]} 55. Rd8+ {
[%clk 00:00:18]} 55... Kc2 {[%clk 00:00:24] [%emt 00:00:06]} 56. Re8 {
[%clk 00:00:18]} 56... Kd2 {[%clk 00:00:24] [%emt 00:00:04]} 57. Rd8+ {
[%clk 00:00:20]} 57... Ke3 {[%clk 00:00:26]} 58. Re8+ {
[%clk 00:00:17] [%emt 00:00:05]} 58... Kf2 {[%clk 00:00:28]} 59. Rf8+ {
[%clk 00:00:12] [%emt 00:00:10]} 59... Kxg2 {[%clk 00:00:29]} 60. Re8 {
[%clk 00:00:14] [%emt 00:00:05]} 60... Kf2 {[%clk 00:00:28] [%emt 00:00:03]}
61. Rf8+ {[%clk 00:00:15]} 61... Kg1 {[%clk 00:00:26] [%emt 00:00:04]} 62. Re8
{[%clk 00:00:16] [%emt 00:00:04]} 62... Kxh2 {[%clk 00:00:25] [%emt 00:00:07]}
63. Rxe2+ {[%clk 00:00:17] [%emt 00:00:03]} 63... Kg3 {[%clk 00:00:27]} 64. Rc2
{[%clk 00:00:16]} 64... Ra7 {[%clk 00:00:28] [%emt 00:00:03]} 65. c6 {
[%clk 00:00:18]} 65... Rc7 {[%clk 00:00:30]} 66. Kxa3 {
[%clk 00:00:20] [%emt 00:00:03]} 66... h5 {[%clk 00:00:32]} 67. Kb4 {
[%clk 00:00:19] [%emt 00:00:07]} 67... h4 {[%clk 00:00:34] [%emt 00:00:04]} 68.
Rc1 {[%clk 00:00:11] [%emt 00:00:06]} 68... h3 {[%clk 00:00:36] [%emt 00:00:03]
} 69. Rg1+ {[%clk 00:00:12]} 69... Kh4 {[%clk 00:00:38]} 70. Kc5 {
[%clk 00:00:14] [%emt 00:00:18]} 70... g4 {[%clk 00:00:40]} 71. Kd5 {
[%clk 00:00:16]} 71... g3 {[%clk 00:00:42] [%emt 00:00:04]} 72. Ke4 {
[%clk 00:00:06]} 72... Rxc6 {[%clk 00:00:44]} 73. Kf4 {[%clk 00:00:08]} 73...
Rf6+ {[%clk 00:00:46]} 74. Ke3 {[%clk 00:00:09]} 74... h2 {
[%clk 00:00:47] [%emt 00:00:03]} 75. Rh1 {[%clk 00:00:09]} 75... Kh3 {
[%clk 00:00:49]} 0-1

 00:00:47]  [%emt 00:00:03]} 75. Rh1 {
[%clk 00:00:09]} 75... Kh3 {[%clk 00:00:49]} 0-1

[Event "Torneo Aficionados Sub-2000 Utiel"]
[Site "Utiel, Spain"]
[Date "2018.08.27"]
[Round "2.5"]
[White "Perez Garcia, Juan Angel"]
[Black "Lopez Escribano, Oscar"]
[Result "1-0"]
[WhiteElo "1954"]
[BlackElo "1792"]
[PlyCount "88"]

1. d4 {[%clk 00:07:04] [%emt 00:00:05]} 1... g6 {[%clk 00:07:04]} 2. e4 {
[%clk 00:07:02] [%emt 00:00:21]} 2... Bg7 {[%clk 00:07:06]} 3. Be3 {
[%clk 00:07:03]} 3... d6 {[%clk 00:07:08]} 4. Nc3 {
[%clk 00:07:03] [%emt 00:00:10]} 4... Nf6 {[%clk 00:07:04]} 5. Nf3 {
[%clk 00:07:00]} 5... O-O {[%clk 00:07:01]} 6. Qd2 {
[%clk 00:07:01] [%emt 00:00:10]} 6... Ng4 {[%clk 00:06:51] [%emt 00:00:09]} 7.
Bg5 {[%clk 00:07:02] [%emt 00:00:07]} 7... h6 {[%clk 00:06:32] [%emt 00:00:15]}
8. Bh4 {[%clk 00:07:03] [%emt 00:00:05]} 8... Kh7 {[%clk 00:06:32]} 9. O-O-O {
[%clk 00:06:46] [%emt 00:00:17]} 9... Nc6 {[%clk 00:06:09] [%emt 00:00:34]} 10.
h3 {[%clk 00:06:38] [%emt 00:00:09]} 10... Nf6 {[%clk 00:06:10] [%emt 00:00:04]
} 11. Kb1 {[%emt 00:01:22]} 11... a6 {[%clk 00:06:09]} 12. Bd3 {[%clk 00:05:44]
} 12... b5 {[%clk 00:06:08] [%emt 00:00:04]} 13. e5 {[%clk 00:05:44]} 13...
dxe5 {[%emt 00:00:19]} 14. dxe5 {[%emt 00:00:09]} 14... Ng8 {
[%clk 00:05:14] [%emt 00:00:07]} 15. Qe2 {[%clk 00:05:06] [%emt 00:00:40]}
15... Qe8 {[%clk 00:05:02] [%emt 00:00:16]} 16. Be4 {
[%clk 00:04:44] [%emt 00:00:25]} 16... Bb7 {[%clk 00:04:58] [%emt 00:00:19]}
17. e6 {[%clk 00:04:24] [%emt 00:00:12]} 17... f5 {
[%clk 00:04:37] [%emt 00:00:22]} 18. Bd3 {[%clk 00:03:20] [%emt 00:01:07]}
18... Nf6 {[%clk 00:04:21] [%emt 00:00:19]} 19. Bg3 {
[%clk 00:03:13] [%emt 00:00:13]} 19... Rc8 {[%clk 00:03:55] [%emt 00:00:27]}
20. Ne5 {[%clk 00:02:51] [%emt 00:00:29]} 20... Nxe5 {
[%clk 00:03:49] [%emt 00:00:07]} 21. Bxe5 {[%clk 00:02:49] [%emt 00:00:04]}
21... Bxg2 {[%clk 00:03:39] [%emt 00:00:10]} 22. Rhg1 {
[%clk 00:02:50] [%emt 00:00:34]} 22... Bxh3 {[%clk 00:03:27]} 23. f3 {
[%clk 00:02:39]} 23... b4 {[%clk 00:02:57] [%emt 00:00:31]} 24. Na4 {
[%clk 00:02:31] [%emt 00:00:21]} 24... Qxa4 {[%clk 00:02:53] [%emt 00:00:15]}
25. Qh2 {[%clk 00:02:23]} 25... Nh5 {[%clk 00:02:26] [%emt 00:00:23]} 26. Bxg7
{[%clk 00:02:19] [%emt 00:00:09]} 26... Kxg7 {[%clk 00:02:27] [%emt 00:00:04]}
27. Qxh3 {[%clk 00:02:18] [%emt 00:00:03]} 27... Nf4 {
[%clk 00:01:59] [%emt 00:00:28]} 28. Qg3 {[%clk 00:02:09] [%emt 00:00:12]}
28... b3 {[%clk 00:01:38] [%emt 00:00:35]} 29. axb3 {[%clk 00:02:07]} 29... Qb4
{[%clk 00:01:33] [%emt 00:00:05]} 30. Bc4 {[%clk 00:01:51] [%emt 00:00:16]}
30... Rcd8 {[%clk 00:00:50] [%emt 00:00:46]} 31. Rxd8 {
[%clk 00:01:51] [%emt 00:00:32]} 31... Rxd8 {[%clk 00:00:51]} 32. Qxf4 {
[%clk 00:01:53]} 32... Qc5 {[%clk 00:00:40] [%emt 00:00:08]} 33. Qg3 {
[%clk 00:01:37]} 33... g5 {[%clk 00:00:36] [%emt 00:00:08]} 34. Rh1 {
[%clk 00:01:31] [%emt 00:00:15]} 34... Rh8 {[%clk 00:00:26] [%emt 00:00:07]}
35. Bxa6 {[%clk 00:01:18] [%emt 00:00:13]} 35... Qa5 {
[%clk 00:00:20] [%emt 00:00:23]} 36. Bb5 {[%clk 00:00:26] [%emt 00:00:49]}
36... Ra8 {[%clk 00:00:15] [%emt 00:00:09]} 37. Ba4 {
[%clk 00:00:28] [%emt 00:00:11]} 37... Rh8 {[%clk 00:00:07]} 38. Rd1 {
[%clk 00:00:27] [%emt 00:00:07]} 38... Qc5 {[%clk 00:00:09]} 39. Rd7 {
[%clk 00:00:23] [%emt 00:00:03]} 39... Kf6 {[%clk 00:00:11]} 40. Rxc7 {
[%clk 00:00:20] [%emt 00:00:05]} 40... Qd4 {[%clk 00:00:08] [%emt 00:00:04]}
41. Rb7 {[%clk 00:00:13] [%emt 00:00:14]} 41... Rd8 {[%clk 00:00:08]} 42. Qc7 {
[%clk 00:00:14] [%emt 00:00:04]} 42... Qd1+ {[%clk 00:00:05] [%emt 00:00:05]}
43. Ka2 {[%clk 00:00:16]} 43... Qe1 {[%emt 00:00:21]} 44. Bb5 Qa5+ {
[%emt 00:00:04]} 1-0

1 {[%emt 00:00:21]} 44. Bb5 Qa5+ {
[%emt 00:00:04]} 1-0

[Event "Torneo Aficionados Sub-2000 Utiel"]
[Site "Utiel, Spain"]
[Date "2018.08.27"]
[Round "2.6"]
[White "Minguez Piquer, Joaquim"]
[Black "Torres Espallardo, Pablo"]
[Result "1-0"]
[WhiteElo "1786"]
[BlackElo "1946"]
[PlyCount "43"]

1. e4 {[%clk 00:07:03] [%emt 00:00:10]} 1... e6 {[%clk 00:07:05]} 2. d4 {
[%clk 00:07:04]} 2... d5 {[%clk 00:07:07]} 3. exd5 {[%clk 00:07:04]} 3... exd5
{[%clk 00:07:08] [%emt 00:00:12]} 4. Bd3 {[%clk 00:07:05]} 4... Bd6 {
[%clk 00:07:10]} 5. Nf3 {[%clk 00:07:04] [%emt 00:00:04]} 5... Bg4 {
[%clk 00:07:11]} 6. O-O {[%clk 00:07:02] [%emt 00:00:03]} 6... Nc6 {
[%clk 00:07:12] [%emt 00:00:20]} 7. c3 {[%clk 00:06:58]} 7... Qd7 {
[%clk 00:07:13]} 8. Be3 {[%clk 00:06:34] [%emt 00:00:41]} 8... O-O-O {
[%clk 00:07:13] [%emt 00:00:04]} 9. Nbd2 {[%clk 00:06:27]} 9... Nge7 {
[%clk 00:07:14]} 10. Qa4 {[%clk 00:06:26]} 10... Kb8 {
[%clk 00:06:25] [%emt 00:00:44]} 11. b4 {[%clk 00:06:19] [%emt 00:00:08]} 11...
Rde8 {[%clk 00:05:28] [%emt 00:01:00]} 12. h3 {[%clk 00:05:02] [%emt 00:01:45]}
12... Be6 {[%clk 00:03:31] [%emt 00:01:35]} 13. Ng5 {
[%clk 00:04:41] [%emt 00:00:23]} 13... h6 {[%clk 00:02:48] [%emt 00:00:48]} 14.
Nxe6 {[%clk 00:04:27] [%emt 00:00:19]} 14... fxe6 {
[%clk 00:02:50] [%emt 00:00:04]} 15. c4 {[%clk 00:04:17] [%emt 00:00:06]} 15...
dxc4 {[%clk 00:02:28] [%emt 00:00:25]} 16. Nxc4 {
[%clk 00:03:48] [%emt 00:00:31]} 16... Nd5 {[%clk 00:02:27] [%emt 00:00:33]}
17. Na5 {[%clk 00:03:02] [%emt 00:00:20]} 17... Ndxb4 {
[%clk 00:01:45] [%emt 00:00:46]} 18. Rab1 {[%clk 00:02:48] [%emt 00:00:20]}
18... b6 {[%clk 00:01:22] [%emt 00:00:22]} 19. Rxb4 {
[%clk 00:01:51] [%emt 00:01:01]} 19... Bxb4 {[%clk 00:00:54] [%emt 00:00:31]}
20. Nxc6+ {[%clk 00:01:19] [%emt 00:00:37]} 20... Kb7 {
[%clk 00:00:18] [%emt 00:00:46]} 21. Qa6+ {[%clk 00:01:20] [%emt 00:00:03]}
21... Kxc6 {[%clk 00:00:13] [%emt 00:00:04]} 22. Bb5+ {[%clk 00:01:22]} 1-0

. Bb5+ {[%clk 00:01:22]} 1-0

[Event "Torneo Aficionados Sub-2000 Utiel"]
[Site "Utiel, Spain"]
[Date "2018.08.26"]
[Round "3.1"]
[White "Galindo Montoya, Diego"]
[Black "Capella Gimenez, Jose M"]
[Result "1-0"]
[WhiteElo "1912"]
[BlackElo "1997"]
[PlyCount "66"]
[EventDate "2018.??.??"]

1. c4 {[%clk 00:07:03]  [%emt 00:00:10]} 1... g6 {[%clk 00:07:05]} 2. Nc3 {
[%clk 00:07:04]} 2... Bg7 {[%clk 00:07:07]} 3. g3 {[%clk 00:07:05]} 3... Nf6 {
[%clk 00:07:08]} 4. Bg2 {[%clk 00:07:04]  [%emt 00:00:31]} 4... d6 {
[%clk 00:07:11]} 5. d3 {[%clk 00:07:06]  [%emt 00:00:07]} 5... O-O {
[%clk 00:07:12]} 6. e4 {[%clk 00:07:07]} 6... e5 {[%clk 00:07:08]} 7. Nge2 {
[%clk 00:07:08]} 7... Nc6 {[%clk 00:07:08]} 8. O-O {[%clk 00:07:08]} 8... Bd7 {
[%clk 00:06:57]  [%emt 00:00:04]} 9. h3 {[%clk 00:07:03]  [%emt 00:00:07]} 9...
Nd4 {[%clk 00:06:41]  [%emt 00:00:17]} 10. Be3 {
[%clk 00:06:44]  [%emt 00:00:22]} 10... c5 {[%clk 00:06:42]  [%emt 00:00:05]}
11. Kh2 {[%clk 00:06:41]  [%emt 00:00:11]} 11... a6 {
[%clk 00:06:25]  [%emt 00:00:12]} 12. f4 {[%clk 00:06:38]  [%emt 00:00:08]}
12... Bh6 {[%clk 00:05:18]  [%emt 00:01:21]} 13. Nd5 {
[%clk 00:05:20]  [%emt 00:01:08]} 13... Nxd5 {[%clk 00:05:12]  [%emt 00:00:16]}
14. cxd5 {[%clk 00:05:11]  [%emt 00:00:04]} 14... Nxe2 {
[%clk 00:04:29]  [%emt 00:00:48]} 15. Qxe2 {[%clk 00:05:10]  [%emt 00:00:11]}
15... exf4 {[%clk 00:04:13]  [%emt 00:00:10]} 16. Bxf4 {
[%clk 00:04:58]  [%emt 00:00:31]} 16... Bxf4 {[%clk 00:04:14]} 17. Rxf4 {
[%clk 00:04:47]  [%emt 00:00:15]} 17... Qe7 {[%clk 00:04:15]} 18. Raf1 {
[%clk 00:04:31]  [%emt 00:00:11]} 18... f5 {[%clk 00:03:25]  [%emt 00:00:50]}
19. Qf2 {[%clk 00:03:56]  [%emt 00:00:42]} 19... Rf7 {
[%clk 00:02:52]  [%emt 00:00:33]} 20. h4 {[%clk 00:03:20]  [%emt 00:00:38]}
20... Raf8 {[%clk 00:02:53]  [%emt 00:00:36]} 21. Bh3 {[%clk 00:03:16]} 21...
g5 {[%clk 00:01:47]  [%emt 00:00:42]} 22. hxg5 {
[%clk 00:02:56]  [%emt 00:00:38]} 22... Qxg5 {[%clk 00:01:49]} 23. Qg2 {
[%clk 00:01:38]  [%emt 00:01:08]} 23... Bb5 {[%clk 00:00:29]  [%emt 00:01:21]}
24. R1f3 {[%clk 00:01:34]  [%emt 00:00:11]} 24... Kg7 {
[%clk 00:00:17]  [%emt 00:00:10]} 25. Qf2 {[%clk 00:01:31]  [%emt 00:00:14]}
25... Bd7 {[%clk 00:00:12]  [%emt 00:00:18]} 26. g4 {
[%clk 00:01:29]  [%emt 00:00:03]} 26... Qh6 {[%clk 00:00:06]} 27. gxf5 {
[%clk 00:01:26]  [%emt 00:00:04]} 27... Kh8 {[%clk 00:00:08]} 28. Rg4 {
[%clk 00:01:22]  [%emt 00:00:05]} 28... Rg7 {[%clk 00:00:09]  [%emt 00:00:03]}
29. Rfg3 {[%clk 00:01:21]  [%emt 00:00:03]} 29... Rff7 {
[%clk 00:00:10]  [%emt 00:00:04]} 30. Qg2 {[%clk 00:01:17]  [%emt 00:00:04]}
30... Rxg4 {[%clk 00:00:11]  [%emt 00:00:07]} 31. Rxg4 {
[%clk 00:01:19]  [%emt 00:00:04]} 31... Rg7 {[%clk 00:00:13]} 32. Rxg7 {
[%clk 00:01:08]  [%emt 00:00:11]} 32... Qxg7 {[%clk 00:00:04]  [%emt 00:00:12]}
33. Qxg7+ {[%clk 00:01:09]} 33... Kxg7 {[%clk 00:00:06]} 1-0